Central Library OPAC University of Rajshahi

জীবনানন্দ দাশ : (Record no. 44730)

MARC details
000 -LEADER
fixed length control field 01102nam a2200241 a 4500
001 - CONTROL NUMBER
control field 44730
003 - CONTROL NUMBER IDENTIFIER
rucl marc code BD-RjUL
005 - DATE AND TIME OF LATEST TRANSACTION
control field 20211209053916.0
008 - FIXED-LENGTH DATA ELEMENTS--GENERAL INFORMATION
fixed length control field 160720s2000 ii a|||| |||| 00| 0 ben d
020 ## - INTERNATIONAL STANDARD BOOK NUMBER
International Standard Book Number 818547169X
Terms of availability : IRs. 300.00
035 ## - SYSTEM CONTROL NUMBER
System control number (BD-RjUL)44848
040 ## - CATALOGING SOURCE
Original cataloging agency BD-RjUL
Language of cataloging ben
Transcribing agency BD-RjUL
041 ## - LANGUAGE CODE
Language code of text/sound track or separate title ben
082 ## - DEWEY DECIMAL CLASSIFICATION NUMBER
Edition number 23
Classification number 891.44109
Author mark and year BAJ 2000
100 ## - MAIN ENTRY--PERSONAL NAME
Personal name বন্দ্যোপাধ্যায়, দেবীপ্রসাদ
9 (RLIN) 137144
245 10 - TITLE STATEMENT
Title জীবনানন্দ দাশ :
Remainder of title উত্তরপর্ব ১৯৫৪-১৯৬৫ /
Statement of responsibility, etc. দেবীপ্রসাদ বন্দ্যোপাধ্যায়
260 ## - PUBLICATION, DISTRIBUTION, ETC. (IMPRINT)
Place of publication, distribution, etc. কলিকাতা :
Name of publisher, distributor, etc. পুস্তক বিপণি,
Date of publication, distribution, etc. ২০০০
300 ## - PHYSICAL DESCRIPTION
Pagination ৫৫২ পৃ. :
Illustrations চিত্র ;
Size ২৪ সেমি.
504 ## - BIBLIOGRAPHY, ETC. NOTE
Bibliography, etc গ্রন্থপঞ্জি ও নির্ঘণ্ট সংযুক্ত
650 ## - SUBJECT ADDED ENTRY--TOPICAL TERM
Topical term or geographic name as entry element বাংলা কবিতা
General subdivision ইতিহাস ও সমালোচনা
9 (RLIN) 137145
Topical term or geographic name as entry element Bengali Poetry
General subdivision History and Criticism
9 (RLIN) 137146
942 ## - ADDED ENTRY ELEMENTS (KOHA)
Source of classification or shelving scheme Dewey Decimal Classification
Koha item type Books
Holdings
Lost status Source of classification or shelving scheme Damaged status Not for loan Collection code Permanent Location Current Location Shelving location Date acquired Source of acquisition Cost, normal purchase price Total Checkouts Full call number Date last seen Date checked out Copy number Koha item type
  Dewey Decimal Classification     Non-fiction Central Library, University of Rajshahi Central Library, University of Rajshahi   26/05/2007 Paragogn Enterprise, Dhaka 300.00 1 B 891.44109 BAJ 2000 28/04/2026 27/04/2026 C-2 Books
  Dewey Decimal Classification     Non-fiction Central Library, University of Rajshahi Central Library, University of Rajshahi   26/05/2007 Paragon Enterprise Ltd.Dhaka. 300.00   B 891.44109 BAJ 2000 28/04/2026   C-3 Books